Statistics for History by Letter - D

Click here to take the quiz!

General Stats

  • This quiz has been taken 46,086 times
    (45,884 since last reset)
  • The average score is 13 of 22

Answer Stats

Hint Answer % Correct
Mona Lisa painterLeonardo da Vinci
98%
"On the Origin of Species"Charles Darwin
93%
June 6, 1944 in NormandyD-Day
88%
European era following the fall of RomeThe {Dark} Ages
86%
First U.S. stateDelaware
85%
Surrealist who painted melting clocksSalvador Dali
81%
"Oliver Twist" authorCharles Dickens
77%
Reincarnated leader who fled TibetDalai Lama
75%
Term for a Celtic priestDruid
68%
Middle Eastern capital,
one of the world's oldest cities
Damascus
64%
Alfred Nobel's inventionDynamite
62%
French President, 1959-1969Charles de Gaulle
56%
He thought, therefore he wasRene Descartes
52%
First to sail directly from Portugal to IndiaVasco da Gama
46%
Genocidal region of western SudanDarfur
44%
First English circumnavigatorFrancis Drake
40%
Venetian leader's titleDoge
39%
"Great" Persian king
mentioned in 5 Bible books
Darius
37%
Conservative British PM born JewishBenjamin Disraeli
37%
Colony that became IndonesiaDutch East Indies
32%
Muslim shrine on
Jerusalem's Temple Mount
Dome of the Rock
26%
Founder and first queen of CarthageDido
21%

Score Distribution

Percentile by Number Answered

Percent of People with Each Score

Your Score History

You have not taken this quiz since the last reset